LA OFENSIVA EMPRESARIAL CONTRA LA INTERVENCION DEL ESTADO/

I tiakina i:
Ngā taipitopito rārangi puna kōrero
Kaituhi matua: Rey Romay, Benito (autor)
Hōputu: Pukapuka
Ngā marau:
Ngā Tūtohu: Tāpirihia he Tūtohu
Kāore He Tūtohu, Me noho koe te mea tuatahi ki te tūtohu i tēnei pūkete!

MARC

LEADER 00000nam^a2200000^a^4500
001 000224357
005 20250521000000.0
009 20260310104048.212
020 |a 968-23-1283-3 
035 |a 043375 
037 |a Acervo Xavier Clavigero 
082 |a 338. 04  |b REY 
100 |a Rey Romay, Benito  |e (autor) 
245 1 3 |a LA OFENSIVA EMPRESARIAL CONTRA LA INTERVENCION DEL ESTADO/  |c BENITO REY ROMAY 
264 |a MEXICO :  |b SIGLO XXI,  |c 1984 
300 |a 160p. :  |b tbs. 
336 |a texto  |b txt  |2 rdacontenido 
337 |a sin mediación  |b n  |2 rdamedio 
338 |a volumen  |b nc  |2 rdasoporte 
649 |a XX 
650 |a Empresarios 
650 |a Política Industrial 
910 |a Fondo General 
920 |a Impresos - Libros 
930 |a Colección General 
905 |a 101 
901 |a 043375  |b IT1  |c ACC  |i 043375  |u 20250521 
902 |a https://opac.biblio.iteso.mx/vufind/Record/000224357